000 00482cam a2200193ua 4500
001 5012
005 20260515113825.0
008 150225n ii |||gr||||Z||||||eng
040 _cMAIN
041 _aeng
082 _a821
100 _aGohain, Hiren,
_eAuthor.,
245 _aTradition & paradise lost a heretical view
_cby Hiren Gohain
250 _a1st.
260 _aGuwahati:
_bLawyers book stall,
_c1977.
300 _a320p:
_c23cm.
653 _aEnglish poetry
942 _cBK
999 _c4192
_d4192